Miejscowości powiatu tarnogórskiego - Statystyki

Ogólne statystyki
  • Ten quiz został rozwiązany 36 razy
  • Średni wynik to 10 z 15
Statystyki odpowiedzi
Hint Odpowiedź % Poprawnych
61 240 Tarnowskie Góry
96%
7 044 Miasteczko Śląskie
91%
16 193 Radzionków
91%
2 553 Zbrosławice
83%
8 206 Kalety
78%
4 250 Świerklaniec
78%
4 224 Nakło Śląskie
74%
2 121 Krupski Młyn
70%
2 049 Nowe Chechło
65%
2 477 Tworóg
65%
1 750 Ożarowice
61%
2 276 Orzech
52%
1 088 Tąpkowice
39%
2 300 Wieszowa
39%
1 118 Zendek
26%
Nie znaleziono quizów pasujących do podanych kryteriów
Rozkład punktacji
Procent ludzi z każdym wynikiem
Percentyl według liczby udzielonych odpowiedzi
Twoja historia wyników
Nie rozwiązałeś tego quizu